Capitals Named After Saints - Statistics

General Stats
  • This quiz has been taken 718 times
  • The average score is 6 of 8
Answer Stats
Location City % Correct
Central America San José
86%
Central America San Salvador
86%
South America Santiago
86%
Caribbean Santo Domingo
78%
Europe San Marino
74%
Africa São Tomé
70%
Caribbean St. Johns
67%
Caribbean St. Georges
61%
No matching quizzes found
Score Distribution
Percent of People with Each Score
Percentile by Number Answered
Your Score History
You have not taken this quiz